000 00507nam a2200181Ia 4500
999 _c32191
_d32191
003 OSt
005 20200728113125.0
008 190216s9999||||xx |||||||||||||| ||und||
020 _a9788173715624
040 _coclc
082 _a510
_bPOS/M
100 _aPosamentier, Alfred S
_93818
245 0 _aMath Charmers /
_cAlfred S Posamentier
260 _bUniversities Press,
_aHyderbad:
_c2008.
300 _a301p
650 _aMathematics
942 _cBK
_2ddc
_h510
_iPOS/M
_k510
_mPOS/M